000
00322nam a22001457a 4500
008
240412b ||||| |||| 00| 0 eng d
020
_a
9789951550758
041
_a
SHQIP
080
_2
2023
_a
72
082
_a
72MOR
100
_a
20
101
_a
NDERTIMTARI
245
_a
MEKANIKA 1
_c
MORINA .R.NASER
942
_2
udc
_c
BK
999
_c
60623
_d
60623